000 00756cam a2200265 4500
008 090401t1996 xxu||||| |||| 00| 0 eng d
020 _a0854067728
035 _a(Sirsi) u65623
041 _aeng
050 _a029.7
090 _aRICS 1996/53AB
100 _aLinacre, Cathy
245 _aWorld Wide Web sites for chartered surveyors.
260 _aLondon
_bRICS
_c1996
300 _a39p. ; 30cm.
350 _a10
520 _aSUPERSEDED: Replaced by 2nd edition (RICS 1997/84)
650 _aABOUT RICS-RICS MEMBERS
650 _aINTERNET
650 _aWORLD WIDE WEB
690 _aMANAGEMENT-BUSINESS MANAGEMENT-INFORMATION MANAGEMENT
710 _aRoyal Institution of Chartered Surveyors
_94900
942 _n0
948 _c04/03/1997
999 _c94776
_d94776